|
|
|
|
| LEADER |
00867nam a22002412a 4500 |
| 001 |
000433510 |
| 003 |
CZ BrMZK |
| 005 |
20070712085348.0 |
| 008 |
990307s1961 xr f cze d |
| 015 |
|
|
|a cnb000100467
|
| 035 |
|
|
|a (OCoLC)85200452
|
| 040 |
|
|
|a BOA001
|b cze
|
| 245 |
0 |
0 |
|a Russkij jazyk pro 10. a 11. ročník /
|c zpracovali: Mikoláš Zatovkaňuk, ... [et al.]
|
| 250 |
|
|
|a 6. nezm. vyd.
|
| 260 |
|
|
|a Praha :
|b SPN,
|c 1961
|
| 300 |
|
|
|a 343 s.
|
| 490 |
1 |
|
|a Učebnice pro všeobecně vzdělávací školy
|
| 700 |
1 |
|
|a Zatovkaňuk, Mikuláš,
|d 1919-2001
|7 jk01152200
|
| 830 |
|
0 |
|a Učebnice pro všeobecně vzdělávací školy
|0 s
|
| 910 |
|
|
|a BOA001
|b PK-0011.304-61
|
| 964 |
|
|
|a Ruština - učebnice - školy střední jedenáctileté
|
| 990 |
|
|
|a BK
|
| 996 |
7 |
|
|b 3119829315
|c PK-0011.304-61
|l MZK
|r Sklad / do 1 hodiny
|n 0
|w 000433510
|u 000010
|a 1
|e BOA001
|j MZK50
|s A
|